विशिष्ट कहानियां / (Record no. 116248)
[ view plain ]
| 000 -LEADER | |
|---|---|
| fixed length control field | 01172nam a22002657a 4500 |
| 005 - DATE AND TIME OF LATEST TRANSACTION | |
| control field | 20170124103036.0 |
| 010 ## - LIBRARY OF CONGRESS CONTROL NUMBER | |
| LC control number | A-812414 |
| 020 ## - INTERNATIONAL STANDARD BOOK NUMBER | |
| Terms of availability | 150.00 |
| 035 ## - SYSTEM CONTROL NUMBER | |
| System control number | A-812414 |
| 037 ## - SOURCE OF ACQUISITION | |
| Source of stock number/acquisition | Cen Lib/Ret |
| 040 ## - CATALOGING SOURCE | |
| Original cataloging agency | DPL |
| Language of cataloging | HN |
| 082 ## - DEWEY DECIMAL CLASSIFICATION NUMBER | |
| Classification number | क |
| Item number | प्रसाद |
| 100 ## - MAIN ENTRY--PERSONAL NAME | |
| Personal name | प्रसाद, जयशंकर |
| 9 (RLIN) | 65552 |
| 245 ## - TITLE STATEMENT | |
| Title | विशिष्ट कहानियां / |
| Statement of responsibility, etc | जयशंकर प्रसाद ; संपादन कृष्णदेव झारी |
| 246 ## - VARYING FORM OF TITLE | |
| Title proper/short title | Vishisht kahaniyan / |
| Remainder of title | by Jashankar Prasad ; sampadak Krishndev Jhari |
| 260 ## - PUBLICATION, DISTRIBUTION, ETC. (IMPRINT) | |
| Place of publication, distribution, etc | नयी दिल्ली |
| Name of publisher, distributor, etc | शारदा प्रकाशन |
| Date of publication, distribution, etc | 1996 |
| 270 ## - ADDRESS | |
| City | नयी दिल्ली |
| Address | अंसारी रोड,दरयागंज |
| Postal code | 110002 |
| 300 ## - PHYSICAL DESCRIPTION | |
| Extent | 190p. |
| Dimensions | 19cm(सजिल्द) |
| 650 ## - SUBJECT ADDED ENTRY--TOPICAL TERM | |
| Topical term or geographic name as entry element | हिंदी साहित्य |
| 9 (RLIN) | 65553 |
| 650 ## - SUBJECT ADDED ENTRY--TOPICAL TERM | |
| Topical term or geographic name as entry element | हिंदी साहित्य |
| General subdivision | कहानियां |
| 9 (RLIN) | 65554 |
| 650 ## - SUBJECT ADDED ENTRY--TOPICAL TERM | |
| Topical term or geographic name as entry element | Hindi literature |
| 9 (RLIN) | 65555 |
| 650 ## - SUBJECT ADDED ENTRY--TOPICAL TERM | |
| Topical term or geographic name as entry element | Hindi literature |
| General subdivision | stories |
| 9 (RLIN) | 65556 |
| 700 ## - ADDED ENTRY--PERSONAL NAME | |
| Personal name | झारी, कृष्णदेव |
| 9 (RLIN) | 65557 |
| 942 ## - ADDED ENTRY ELEMENTS (KOHA) | |
| Source of classification or shelving scheme | Dewey Decimal Classification |
| Koha item type | Hindi Books |
| Classification part | क |
| Call number suffix | प्रसाद |
| Withdrawn status | Lost status | Damaged status | Not for loan | Home library | Current library | Date acquired | Source of acquisition | Cost, normal purchase price | Total Checkouts | Full call number | Barcode | Date last seen | Copy number | Cost, replacement price | Price effective from | Koha item type | Public note |
|---|---|---|---|---|---|---|---|---|---|---|---|---|---|---|---|---|---|
| Written off | Central Library | Central Library | 24/08/2015 | Cen Lib/Ref | 150.00 | क प्रसाद | A-812414 | 24/08/2015 | 1 | 150.00 | 24/08/2015 | Hindi Books | Written off on approval by DLB (By Circulation); dtd 15-06-2023 |
